[Event "26th North American Open"]
[Site "Las Vegas"]
[Date "2016.12.29"]
[Round "7"]
[White "Manukyan, Lernik"]
[Black "Patil, Anuprita"]
[Result "1-0"]
[WhiteElo "2245"]
[BlackElo "2066"]
[PlyCount "105"]
[EventDate "2016.12.??"]
[EventType "swiss"]
[EventRounds "9"]
[EventCountry "USA"]
[Source "MonRoi"]

1. e4 e5 2. Nf3 Nc6 3. Bb5 a6 4. Bxc6 dxc6 5. d4 exd4 6. Qxd4 Qxd4 7. Nxd4 Bc5
8. Be3 Nf6 9. f3 O-O 10. Nc3 Re8 11. O-O-O Nd7 12. Nf5 Bxe3+ 13. Nxe3 Nb6 14.
Rd4 Be6 15. Na4 Nxa4 16. Rxa4 Rad8 17. Rd1 Rxd1+ 18. Kxd1 Rd8+ 19. Ke2 Kf8 20.
Ra3 Ke7 21. Rd3 Rxd3 22. Kxd3 Kd6 23. f4 f6 24. a3 a5 25. g4 b5 26. h4 h6 27.
Ke2 a4 28. Kf3 c5 29. Nf1 Bc4 30. Ng3 Ke7 31. f5 Bf7 32. Kf4 Kd6 33. Ne2 Bc4
34. Ng1 b4 35. Nf3 Be2 36. e5+ fxe5+ 37. Nxe5 c4 38. c3 bxa3 39. bxa3 Bd3 40.
g5 hxg5+ 41. hxg5 Be2 42. Ke4 Bf1 43. Ng4 Bd3+ 44. Kf4 Be2 45. Ne3 Bd3 46. g6
c6 47. Ng4 Ke7 48. Kg5 c5 49. Ne3 Kd6 50. Kf4 Kd7 51. Ke5 Ke7 52. Nd5+ Kd7 53.
Nf4 1-0

[Event "26th North American Open"]
[Site "Las Vegas"]
[Date "2016.12.29"]
[Round "8"]
[White "Li, Ruifeng"]
[Black "Brown, Michael"]
[Result "1-0"]
[WhiteElo "2557"]
[BlackElo "2452"]
[PlyCount "119"]
[EventDate "2016.12.??"]
[EventType "swiss"]
[EventRounds "9"]
[EventCountry "USA"]
[Source "MonRoi"]

1. e4 e5 2. Nf3 Nc6 3. Bb5 a6 4. Ba4 Nf6 5. O-O Be7 6. Re1 b5 7. Bb3 d6 8. c3
O-O 9. h3 Na5 10. Bc2 c5 11. d4 Qc7 12. dxe5 dxe5 13. Nbd2 h6 14. Nf1 Be6 15.
Nh4 Rad8 16. Qf3 c4 17. Ne3 Nb7 18. Nhf5 Nd6 19. Qg3 Bxf5 20. Nxf5 Nxf5 21.
exf5 Kh8 22. Qh4 Nd5 23. f6 Bxf6 24. Qe4 g6 25. Bxh6 Rfe8 26. Rad1 Ne7 27. Qf3
Qc6 28. Qxc6 Nxc6 29. Be4 Ne7 30. Be3 Nf5 31. Bb6 Rb8 32. Bc7 Rbc8 33. Rd7 Re7
34. Rd8+ Re8 35. Rxe8+ Rxe8 36. Rd1 Re7 37. Ba5 Re6 38. Rd7 Kg7 39. Bd5 Rd6 40.
Rxf7+ Kh6 41. Bf3 e4 42. Bc7 Re6 43. Bxe4 Rxe4 44. Rxf6 Re1+ 45. Kh2 Kg7 46.
Rxa6 Re2 47. g4 Ne3 48. Kg3 Nd1 49. Bb6 Rxb2 50. Bd4+ Kf7 51. Rf6+ Ke7 52. Rxg6
Rxa2 53. Rb6 Rb2 54. g5 Nxc3 55. Bxc3 Rb3 56. Kg4 Rxc3 57. Rxb5 Rc1 58. f4 c3
59. Rc5 c2 60. Kf5 1-0

[Event "26th North American Open"]
[Site "Las Vegas"]
[Date "2016.12.29"]
[Round "8"]
[White "Nguyen, Anh"]
[Black "Friedel, Joshua"]
[Result "0-1"]
[WhiteElo "2482"]
[BlackElo "2510"]
[PlyCount "89"]
[EventDate "2016.12.??"]
[EventType "swiss"]
[EventRounds "9"]
[EventCountry "USA"]
[Source "MonRoi"]

1. d4 Nf6 2. c4 e6 3. Nc3 Bb4 4. Qc2 O-O 5. a3 Bxc3+ 6. Qxc3 d6 7. Nf3 b6 8. e3
Bb7 9. Be2 Nbd7 10. O-O Ne4 11. Qd3 f5 12. Nd2 Qh4 13. f3 Ng5 14. f4 Ne4 15.
Nf3 Qe7 16. Bd2 h6 17. a4 a5 18. Be1 g5 19. Nd2 Nxd2 20. Qxd2 Kh7 21. d5 Nc5
22. Ra3 g4 23. Qc2 h5 24. dxe6 Qxe6 25. b4 axb4 26. Bxb4 h4 27. Bxc5 bxc5 28.
Rb1 Bc6 29. a5 h3 30. g3 Rxa5 31. Rxa5 Qxe3+ 32. Kf1 Bg2+ 33. Ke1 Be4 34. Qc1
Qg1+ 35. Kd2 Qd4+ 36. Ke1 Bxb1 37. Qxb1 Qg1+ 38. Bf1 Re8+ 39. Kd2 Qxh2+ 40. Kc3
Qxg3+ 41. Bd3 Kg6 42. Ra1 Qxf4 43. Qb5 Re3 44. Rd1 h2 45. Qb8 0-1

[Event "26th North American Open"]
[Site "Las Vegas"]
[Date "2016.12.29"]
[Round "8"]
[White "Kumar, Nikhil"]
[Black "Gelashvili, Tamaz"]
[Result "0-1"]
[WhiteElo "2251"]
[BlackElo "2568"]
[PlyCount "82"]
[EventDate "2016.12.??"]
[EventType "swiss"]
[EventRounds "9"]
[EventCountry "USA"]
[Source "MonRoi"]

1. d4 Nf6 2. c4 Nc6 3. Nf3 e6 4. g3 d5 5. Bg2 dxc4 6. O-O Rb8 7. a4 a6 8. e3 b5
9. axb5 axb5 10. b3 cxb3 11. Qxb3 Bd6 12. Bb2 O-O 13. Ne5 Ne7 14. Nd2 Bb7 15.
Bxb7 Rxb7 16. Nd3 c6 17. Ra6 Re8 18. Rfa1 Rb8 19. Bc3 h5 20. Ba5 Qc8 21. Bb4
Bxb4 22. Qxb4 h4 23. Qc5 hxg3 24. hxg3 Nd7 25. Qc2 Nb6 26. Nf3 Na4 27. Nc5 Nxc5
28. Qxc5 b4 29. Ra7 Rb5 30. Qc1 Qd8 31. Nd2 Qd5 32. Rb1 c5 33. dxc5 Rxc5 34.
Qe1 Nc6 35. Raa1 Ne5 36. Rd1 Rc2 37. e4 Qd3 38. Kg2 Rd8 39. Nf1 Qf3+ 40. Kg1
Rxd1 41. Rxd1 Re2 0-1

[Event "26th North American Open"]
[Site "Las Vegas"]
[Date "2016.12.29"]
[Round "8"]
[White "Mandizha, Farai"]
[Black "Tang, Andrew"]
[Result "1-0"]
[WhiteElo "2355"]
[BlackElo "2466"]
[PlyCount "123"]
[EventDate "2016.12.??"]
[EventType "swiss"]
[EventRounds "9"]
[EventCountry "USA"]
[Source "MonRoi"]

1. d4 d5 2. Nf3 Nf6 3. c4 e6 4. Nc3 Be7 5. Bf4 O-O 6. e3 Nbd7 7. Qc2 c5 8. cxd5
Nxd5 9. Nxd5 exd5 10. Bd3 Qa5+ 11. Qc3 Qb6 12. a3 c4 13. Bc2 Bd6 14. Bg3 Re8
15. O-O Bxg3 16. fxg3 Qd6 17. Rae1 Nf6 18. Nd2 Rd8 19. Rf4 Be6 20. Ref1 Rab8
21. Bb1 b5 22. Qc2 Kf8 23. Qd1 b4 24. a4 Rbc8 25. Nf3 Bg4 26. h3 Bxf3 27. Qxf3
Kg8 28. g4 c3 29. bxc3 bxc3 30. g5 Ne4 31. Bxe4 dxe4 32. Qxe4 Rc7 33. R4f2 Rdc8
34. Rc2 Qb4 35. Qd5 Qe7 36. Rf3 Rd8 37. Qb3 Rdc8 38. Qd5 Rd8 39. Qf5 Qb4 40.
Qb5 a5 41. Rf5 Ra8 42. Kf2 g6 43. Re5 Rc4 44. Ke2 Rb8 45. Re8+ Rxe8 46. Qxe8+
Kg7 47. Kd3 Qxa4 48. Qxa4 Rxa4 49. Rxc3 Ra1 50. Kc4 Kf8 51. Kd5 a4 52. Kd6 a3
53. d5 Kg7 54. e4 h6 55. gxh6+ Kxh6 56. Ke7 f5 57. d6 Re1 58. Rxa3 Rxe4+ 59.
Kf6 Rd4 60. Ke6 Re4+ 61. Kd5 Re2 62. Rd3 1-0

[Event "26th North American Open"]
[Site "Las Vegas"]
[Date "2016.12.29"]
[Round "8"]
[White "Tiglon, Bryce"]
[Black "Wheeler, Cameron"]
[Result "0-1"]
[WhiteElo "2313"]
[BlackElo "2408"]
[PlyCount "78"]
[EventDate "2016.12.??"]
[EventType "swiss"]
[EventRounds "9"]
[EventCountry "USA"]
[Source "MonRoi"]

1. e4 e6 2. d4 d5 3. Nd2 Be7 4. c3 Nf6 5. Bd3 c5 6. e5 Nfd7 7. Ne2 Nc6 8. O-O
Qb6 9. Nf3 cxd4 10. cxd4 f6 11. exf6 Nxf6 12. Nf4 O-O 13. Re1 Bb4 14. Re2 Re8
15. Be3 Bd7 16. Ne5 Re7 17. Rc2 Bd6 18. Nxd7 Nxd7 19. Ne2 Nb4 20. Rc3 Nxd3 21.
Rxd3 Rf8 22. Rc1 Ref7 23. Rdc3 Nf6 24. Rb3 Qd8 25. Nc3 a6 26. h3 Bb8 27. Kf1
Qd6 28. Ke2 Nh5 29. Qg1 Nf4+ 30. Kd2 e5 31. Ne2 Nxe2 32. Kxe2 a5 33. Kd2 Ba7
34. f3 a4 35. dxe5 Qxe5 36. Rb5 Re8 37. Rc3 Rfe7 38. Bxa7 Qe2+ 39. Kc1 Qxb5 0-1

[Event "26th North American Open"]
[Site "Las Vegas"]
[Date "2016.12.29"]
[Round "8"]
[White "Matikozyan, Andranik"]
[Black "Taghizadeh, Rayan"]
[Result "1/2-1/2"]
[WhiteElo "2404"]
[BlackElo "2310"]
[PlyCount "115"]
[EventDate "2016.12.??"]
[EventType "swiss"]
[EventRounds "9"]
[EventCountry "USA"]
[Source "MonRoi"]

1. e4 e5 2. Nf3 Nc6 3. Bb5 a6 4. Ba4 Nf6 5. Qe2 b5 6. Bb3 Be7 7. c3 O-O 8. O-O
d5 9. d3 Be6 10. exd5 Bxd5 11. Nxe5 Nxe5 12. Qxe5 Re8 13. Nd2 Bxb3 14. Nxb3
Qxd3 15. Bg5 Ba3 16. Qxc7 Bxb2 17. Rad1 Qxc3 18. Qb7 Qe5 19. Bh4 Qe4 20. Qxe4
Rxe4 21. Bg5 h6 22. Be3 Be5 23. h3 a5 24. Rfe1 Bc3 25. Re2 b4 26. Nc5 Re5 27.
Kf1 Rae8 28. Nd7 Nxd7 29. Rxd7 a4 30. Ra7 b3 31. axb3 axb3 32. Rb7 Rd5 33. g3
Rd1+ 34. Kg2 b2 35. Rexb2 Bxb2 36. Rxb2 Kh7 37. h4 Rd7 38. Rb5 Red8 39. Kf3 Rd5
40. Rb4 Kg6 41. Rg4+ Kh7 42. Rb4 f5 43. Rb6 R8d6 44. Rb8 Kg6 45. Ra8 Kh5 46.
Rc8 Kg6 47. Ra8 Rd7 48. Rc8 Kf6 49. Rf8+ Ke6 50. Re8+ Kf7 51. Ra8 R5d6 52. Rb8
Ke6 53. Ra8 Rf7 54. Kf4 Rc6 55. Ra5 Rc4+ 56. Kf3 Rfc7 57. Ra8 Rc3 58. Kg2
1/2-1/2

[Event "26th North American Open"]
[Site "Las Vegas"]
[Date "2016.12.29"]
[Round "8"]
[White "Li, Zhaozhi"]
[Black "Kojima, Shinya"]
[Result "1/2-1/2"]
[WhiteElo "2313"]
[BlackElo "2403"]
[PlyCount "111"]
[EventDate "2016.12.??"]
[EventType "swiss"]
[EventRounds "9"]
[EventCountry "USA"]
[Source "MonRoi"]

1. d4 d5 2. Nf3 Nf6 3. c4 c6 4. Nc3 dxc4 5. a4 e6 6. e3 c5 7. Bxc4 Nc6 8. O-O
cxd4 9. Nxd4 Bd7 10. Qe2 Qb8 11. Nxc6 Bxc6 12. e4 Bd6 13. f4 e5 14. f5 h6 15.
Rd1 a6 16. Nd5 Bxd5 17. Bxd5 Bc5+ 18. Be3 Bxe3+ 19. Qxe3 O-O 20. Rac1 Rd8 21.
Qb6 Rd7 22. Bb3 Qd8 23. Qxd8+ Raxd8 24. Rxd7 Rxd7 25. Rc8+ Kh7 26. Rf8 Nxe4 27.
Rxf7 Rxf7 28. Bxf7 Nd6 29. Be6 g6 30. f6 g5 31. Kf2 Kg6 32. f7 Nxf7 33. Ke3 Kf6
34. Bd5 Nd6 35. a5 Kf5 36. b4 h5 37. Kf2 e4 38. b5 Nxb5 39. Bxb7 Nc7 40. Ke3
Ke5 41. Bxe4 Nd5+ 42. Bxd5 Kxd5 43. h4 gxh4 44. Kf4 Kc5 45. Kg5 Kb5 46. Kxh4
Kxa5 47. Kxh5 Kb6 48. g4 a5 49. g5 a4 50. g6 a3 51. g7 a2 52. g8=Q a1=Q 53.
Qb8+ Kc6 54. Qc8+ Kb6 55. Qb8+ Kc6 56. Qc8+ 1/2-1/2

[Event "26th North American Open"]
[Site "Las Vegas"]
[Date "2016.12.29"]
[Round "8"]
[White "Ludwig, John"]
[Black "Chen, Peng"]
[Result "1-0"]
[WhiteElo "2377"]
[BlackElo "2297"]
[PlyCount "147"]
[EventDate "2016.12.??"]
[EventType "swiss"]
[EventRounds "9"]
[EventCountry "USA"]
[Source "MonRoi"]

1. e4 c5 2. Nf3 d6 3. Bb5+ Bd7 4. Bxd7+ Qxd7 5. c4 Nf6 6. Nc3 g6 7. O-O Bg7 8.
d4 cxd4 9. Nxd4 O-O 10. Be3 Nc6 11. h3 Nxd4 12. Bxd4 Qc6 13. Qd3 Rfe8 14. b3 a6
15. Rac1 Rac8 16. Rfd1 Nd7 17. Bxg7 Kxg7 18. f4 Kg8 19. Kh1 Nf6 20. Qe3 Qc5 21.
Qe2 b5 22. cxb5 Nh5 23. Qd3 axb5 24. Nd5 Qxc1 25. Rxc1 Rxc1+ 26. Kh2 Rc5 27. b4
Rc4 28. a4 Nf6 29. Nb6 Rxb4 30. a5 Rxe4 31. a6 Rxf4 32. a7 Rf5 33. Qa3 Rc5 34.
a8=Q Rxa8 35. Qxa8+ Kg7 36. Qd8 Re5 37. Nc8 Nd5 38. Qd7 b4 39. Qb5 Kf8 40. Na7
Nf6 41. Qxb4 Nd5 42. Qd4 Nf6 43. Nc6 Re4 44. Qa7 h5 45. Qa8+ Kg7 46. Qd8 Nd5
47. Nb8 Nf6 48. Nc6 Nd5 49. Qa5 Nf6 50. Qc3 Kf8 51. Qb3 Kg7 52. Nd8 d5 53. Nc6
Re6 54. Qb7 Rxc6 55. Qxc6 g5 56. Qc7 e6 57. Qe7 h4 58. Kg1 Ne4 59. Kf1 Kg6 60.
Qf8 Nf6 61. Ke2 Ne4 62. Ke3 Ng3 63. Kd4 f6 64. Kc5 Kf5 65. Kd6 Ne4+ 66. Kd7 e5
67. Qg8 d4 68. Qe6+ Kg6 69. Ke7 d3 70. Qd5 Ng3 71. Qxd3+ e4 72. Qd5 e3 73. Qd3+
Kg7 74. Qc3 1-0

[Event "26th North American Open"]
[Site "Las Vegas"]
[Date "2016.12.29"]
[Round "8"]
[White "Yoo, Christopher"]
[Black "Kavutskiy, Konstantin"]
[Result "1/2-1/2"]
[WhiteElo "1833"]
[BlackElo "2377"]
[PlyCount "58"]
[EventDate "2016.12.??"]
[EventType "swiss"]
[EventRounds "9"]
[EventCountry "USA"]
[Source "MonRoi"]

1. e4 c5 2. Nf3 e6 3. d4 cxd4 4. Nxd4 Nc6 5. Nc3 Qc7 6. Be2 Nf6 7. Be3 Be7 8.
O-O d6 9. f4 O-O 10. Qe1 Nxd4 11. Bxd4 b6 12. Qg3 Bb7 13. Bd3 Bc6 14. e5 dxe5
15. Bxe5 Qb7 16. f5 Rae8 17. Rae1 exf5 18. Rxf5 Bc5+ 19. Kh1 Rxe5 20. Rexe5 Bd6
21. Rxf6 Bxe5 22. Qxe5 gxf6 23. Qg3+ Kh8 24. Qh4 f5 25. Qf6+ Kg8 26. Qg5+ Kh8
27. Qf6+ Kg8 28. Qg5+ Kh8 29. Qf6+ Kg8 1/2-1/2

[Event "26th North American Open"]
[Site "Las Vegas"]
[Date "2016.12.29"]
[Round "8"]
[White "Panchanathan, Magesh"]
[Black "Moon, Benjamin"]
[Result "1-0"]
[WhiteElo "2513"]
[BlackElo "2265"]
[PlyCount "53"]
[EventDate "2016.12.??"]
[EventType "swiss"]
[EventRounds "9"]
[EventCountry "USA"]
[Source "MonRoi"]

1. c4 e6 2. Nf3 d5 3. g3 Nf6 4. Bg2 c5 5. cxd5 exd5 6. d4 Be7 7. O-O O-O 8.
dxc5 Bxc5 9. Nc3 Nc6 10. b3 Ne4 11. Bb2 Nxc3 12. Bxc3 d4 13. Bb2 Bg4 14. Rc1
Bb6 15. Rxc6 Bxf3 16. Rc4 Bxg2 17. Kxg2 Qd5+ 18. Kg1 Rad8 19. Qd3 Rfe8 20. Rd1
Re4 21. e3 h5 22. Bxd4 Qf5 23. Kg2 h4 24. f3 h3+ 25. Kf2 Bxd4 26. Qxe4 Bxe3+
27. Ke2 1-0

[Event "26th North American Open"]
[Site "Las Vegas"]
[Date "2016.12.29"]
[Round "8"]
[White "Shmelov, Denys"]
[Black "Ng, Gary"]
[Result "1-0"]
[WhiteElo "2416"]
[BlackElo "2249"]
[PlyCount "113"]
[EventDate "2016.12.??"]
[EventType "swiss"]
[EventRounds "9"]
[EventCountry "USA"]
[Source "MonRoi"]

1. d4 Nf6 2. c4 e6 3. Nc3 Bb4 4. Qc2 O-O 5. e4 d5 6. e5 Ne4 7. Bd3 c5 8. Nf3
cxd4 9. Nxd4 Nd7 10. Bf4 Qh4 11. g3 Qh5 12. O-O g5 13. cxd5 Nxc3 14. dxe6 gxf4
15. exd7 Bxd7 16. bxc3 Rac8 17. Bf5 Bxc3 18. Bxd7 Bxa1 19. Bxc8 Bxd4 20. Bxb7
Qxe5 21. Kg2 Rb8 22. Rb1 Kg7 23. Qd3 Qf6 24. Rb5 Be5 25. Qe4 Re8 26. Qc4 Re7
27. Bf3 Qh6 28. a4 Qf6 29. a5 Qh6 30. Rd5 Qf6 31. Qc8 Qe6 32. Qc2 Rd7 33. Rc5
Qd6 34. Rd5 Qe7 35. Rb5 Qe6 36. Qe4 Re7 37. g4 Qf6 38. h4 Bd6 39. Qd3 Re5 40.
Rb7 Re7 41. a6 Rxb7 42. axb7 a5 43. Qb5 Qe5 44. Qd7 h6 45. Qc6 Kf8 46. Be4 Ke7
47. Kf3 Kf8 48. h5 Kg7 49. g5 hxg5 50. h6+ Kf8 51. Qc8+ Ke7 52. h7 g4+ 53. Qxg4
Qc3+ 54. Kg2 Qd4 55. Bf3 Qf6 56. Qg8 Be5 57. h8=Q 1-0

[Event "26th North American Open"]
[Site "Las Vegas"]
[Date "2016.12.29"]
[Round "8"]
[White "Panchanatham, Vignesh"]
[Black "Pourkashiyan, Atousa"]
[Result "1-0"]
[WhiteElo "2381"]
[BlackElo "2335"]
[PlyCount "69"]
[EventDate "2016.12.??"]
[EventType "swiss"]
[EventRounds "9"]
[EventCountry "USA"]
[Source "MonRoi"]

1. d4 Nf6 2. c4 e6 3. Nf3 d5 4. Nc3 Be7 5. cxd5 exd5 6. Bg5 c6 7. Qc2 g6 8. e4
dxe4 9. Bxf6 Bxf6 10. Qxe4+ Qe7 11. Bc4 Bf5 12. Qxe7+ Kxe7 13. O-O-O Nd7 14. h3
h5 15. Bb3 Rhd8 16. Rhg1 h4 17. g4 hxg3 18. fxg3 Nb6 19. Rge1+ Kf8 20. g4 Bc8
21. Ne4 Bg7 22. Nfg5 Nd5 23. Rf1 f5 24. gxf5 gxf5 25. Rf3 Bh6 26. h4 Kg7 27.
Ng3 Rf8 28. Bc2 Bxg5+ 29. hxg5 f4 30. Nh5+ Kg8 31. Rg1 Be6 32. g6 Rae8 33. g7
Rf7 34. Bg6 Ree7 35. Bh7+ 1-0

[Event "26th North American Open"]
[Site "Las Vegas"]
[Date "2016.12.29"]
[Round "8"]
[White "Martinez-Martin, David"]
[Black "Ghatti, Sanjay"]
[Result "0-1"]
[WhiteElo "2411"]
[BlackElo "2233"]
[PlyCount "62"]
[EventDate "2016.12.??"]
[EventType "swiss"]
[EventRounds "9"]
[EventCountry "USA"]
[Source "MonRoi"]

1. e4 c6 2. d4 d5 3. e5 Bf5 4. Nc3 e6 5. g4 Bg6 6. Nge2 Ne7 7. h4 h5 8. Nf4 Bh7
9. Nxh5 c5 10. dxc5 Nec6 11. Bg5 Qc7 12. f4 Bg6 13. Nb5 Qa5+ 14. c3 Bxh5 15.
gxh5 Bxc5 16. b4 Nxb4 17. cxb4 Qxb4+ 18. Qd2 Qe4+ 19. Qe2 Qxh1 20. O-O-O Qg1
21. Nc7+ Kd7 22. Nxd5 Kc8 23. h6 gxh6 24. Bf6 Rg8 25. Ne7+ Bxe7 26. Bxe7 Qb6
27. Bd6 Rg3 28. Rd3 Rxd3 29. Qxd3 Nc6 30. f5 Qd4 31. Qg3 Qa1+ 0-1

[Event "26th North American Open"]
[Site "Las Vegas"]
[Date "2016.12.29"]
[Round "8"]
[White "Patil, Anuprita"]
[Black "Ghazarian, Kirk"]
[Result "1-0"]
[WhiteElo "2066"]
[BlackElo "1886"]
[PlyCount "123"]
[EventDate "2016.12.??"]
[EventType "swiss"]
[EventRounds "9"]
[EventCountry "USA"]
[Source "MonRoi"]

1. d4 Nf6 2. Nf3 g6 3. Nbd2 Bg7 4. e4 d5 5. e5 Nfd7 6. c4 e6 7. c5 b6 8. b4 f6
9. exf6 Bxf6 10. Nb3 a5 11. cxb6 cxb6 12. b5 a4 13. Nbd2 O-O 14. Bb2 Re8 15.
Be2 Qe7 16. O-O Bb7 17. Re1 Nf8 18. Rc1 Qd6 19. Ne5 Nbd7 20. Ndf3 Bg7 21. Qd3
a3 22. Bc3 Nxe5 23. dxe5 Qd8 24. Bb4 Nd7 25. Bf1 Bf8 26. Bxf8 Rxf8 27. Nd4 Qe8
28. Rc7 Nc5 29. Qh3 Rf7 30. Rxf7 Qxf7 31. Re3 Ra4 32. Rf3 Qe7 33. Nc6 Bxc6 34.
bxc6 Qc7 35. Qh6 Ra8 36. Qf4 Ne4 37. Bd3 g5 38. Qc1 Qxe5 39. Bxe4 dxe4 40. Rb3
b5 41. h3 Rc8 42. Rxa3 h6 43. Rc3 Rc7 44. Rc5 Qd6 45. g3 e3 46. Qxe3 Rxc6 47.
Rxb5 Ra6 48. Qe4 Kg7 49. Rb7+ Kf6 50. Qf3+ Ke5 51. Rb5+ Kd4 52. Qg4+ Kc3 53.
Rb3+ Kd2 54. Kf1 Rc6 55. Qe2+ Kc1 56. Qe1+ Kc2 57. Qb1+ Kd2 58. Rb2+ Kc3 59.
Qc1+ Kd3 60. Rd2+ Ke4 61. Qe1+ Kf5 62. Rxd6 1-0

[Event "26th North American Open"]
[Site "Las Vegas"]
[Date "2016.12.30"]
[Round "9.1"]
[White "Friedel, Joshua"]
[Black "Li, Ruifeng"]
[Result "1/2-1/2"]
[WhiteElo "2510"]
[BlackElo "2557"]
[PlyCount "28"]
[EventDate "2016.12.??"]
[EventType "swiss"]
[EventRounds "9"]
[EventCountry "USA"]
[Source "MonRoi"]
[WhiteClock "1:54:07"]
[BlackClock "1:48:33"]

1. d4 d5 2. c4 c6 3. cxd5 cxd5 4. Nc3 Nf6 5. Bf4 Nc6 6. e3 a6 7. Bd3 Bg4 8.
Nge2 e6 9. O-O Be7 10. Rc1 Rc8 11. f3 Bh5 12. Qb3 Na5 13. Qa4+ Nc6 14. Qb3 Na5
1/2-1/2

[Event "26th North American Open"]
[Site "Las Vegas"]
[Date "2016.12.30"]
[Round "9.2"]
[White "Gelashvili, Tamaz"]
[Black "Mandizha, Farai"]
[Result "1-0"]
[WhiteElo "2568"]
[BlackElo "2355"]
[PlyCount "75"]
[EventDate "2016.12.??"]
[EventType "swiss"]
[EventRounds "9"]
[EventCountry "USA"]
[Source "MonRoi"]

1. d4 Nf6 2. Nf3 g6 3. g3 Bg7 4. Bg2 O-O 5. c4 c5 6. O-O cxd4 7. Nxd4 d5 8.
cxd5 Nxd5 9. Nc3 Nxc3 10. bxc3 Qc7 11. Qb3 Nc6 12. Rd1 Bg4 13. Qc4 Qd7 14. Bxc6
bxc6 15. Ba3 Rac8 16. Nb3 Qf5 17. f3 Bh3 18. Bxe7 Rfe8 19. Bc5 Qe5 20. e4 Qh5
21. Qd3 f5 22. exf5 Bxf5 23. Qf1 Bh3 24. Qf2 Bxc3 25. Rac1 Bf6 26. Bxa7 Qb5 27.
Be3 Ra8 28. Nc5 Ra3 29. Ne4 Be5 30. Bd4 Rf8 31. Nc3 Bxd4 32. Qxd4 Qh5 33. g4
Qg5 34. Rb1 Rxf3 35. Rb8+ Rf8 36. Rxf8+ Kxf8 37. Qh8+ Kf7 38. Rd7+ 1-0

[Event "26th North American Open"]
[Site "Las Vegas"]
[Date "2016.12.30"]
[Round "9.3"]
[White "Zhou, Jianchao"]
[Black "Sheng, Joshua"]
[Result "1-0"]
[WhiteElo "2632"]
[BlackElo "2394"]
[PlyCount "129"]
[EventDate "2016.12.??"]
[EventType "swiss"]
[EventRounds "9"]
[EventCountry "USA"]
[Source "MonRoi"]
[WhiteClock "0:02:13"]
[BlackClock "0:03:09"]

1. d4 d5 2. c4 c6 3. Nf3 Nf6 4. Nc3 e6 5. e3 Nbd7 6. Be2 dxc4 7. a4 Bd6 8. Nd2
e5 9. Nxc4 Bc7 10. b3 exd4 11. Qxd4 Nb6 12. Qxd8+ Kxd8 13. a5 Nxc4 14. Bxc4 Be6
15. Bxe6 fxe6 16. a6 b6 17. Bb2 Ke7 18. Ke2 Rhd8 19. Rhc1 Be5 20. f4 Bxc3 21.
Bxc3 Rac8 22. Ra4 Nd5 23. Be1 Rd7 24. Re4 Kf7 25. b4 Rdc7 26. Rec4 c5 27. bxc5
Rxc5 28. Rxc5 Rxc5 29. Rxc5 bxc5 30. Ba5 Ke7 31. e4 Nxf4+ 32. Kd2 Kd7 33. Bb6
Kc6 34. Bxa7 Nxg2 35. Bxc5 Nh4 36. Ke3 Ng6 37. Bd4 e5 38. Bc5 Nf4 39. Bd6 Ng6
40. Bb8 Kb6 41. a7 Kb7 42. Kf3 h5 43. Ke3 Ka8 44. Kd3 Nh4 45. Bxe5 Kxa7 46. Ke3
Kb7 47. Bxg7 Ng6 48. e5 Kc6 49. Ke4 Kd7 50. Kf5 Nh4+ 51. Kf6 Nf3 52. Bh6 Nd4
53. Kf7 Ne6 54. h4 Nd4 55. Bg5 Ne6 56. Kg6 Nd4 57. Kxh5 Ke6 58. Bf6 Kf5 59. Kh6
Ne6 60. Kh7 Nf4 61. Kg7 Nh5+ 62. Kf7 Nf4 63. Bg7 Ne6 64. h5 Nd8+ 65. Kg8 1-0

[Event "26th North American Open"]
[Site "Las Vegas"]
[Date "2016.12.30"]
[Round "9.4"]
[White "Chandra, Akshat"]
[Black "Tarjan, James"]
[Result "1-0"]
[WhiteElo "2514"]
[BlackElo "2406"]
[PlyCount "101"]
[EventDate "2016.12.??"]
[EventType "swiss"]
[EventRounds "9"]
[EventCountry "USA"]
[Source "MonRoi"]
[WhiteClock "0:17:37"]
[BlackClock "0:15:51"]

1. e4 g6 2. d4 Bg7 3. Nc3 d6 4. Be3 a6 5. Qd2 b5 6. h4 Nf6 7. f3 h5 8. O-O-O c6
9. Kb1 Qc7 10. e5 Nd5 11. Nxd5 cxd5 12. exd6 Qxd6 13. Bf4 Qb6 14. Be5 Bxe5 15.
dxe5 Nc6 16. f4 Bf5 17. Bd3 e6 18. Bxf5 gxf5 19. Nf3 Ke7 20. Rh3 b4 21. Ng5 a5
22. c4 bxc3 23. Rxc3 Rac8 24. Rdc1 Na7 25. Qd1 Rxc3 26. Rxc3 Nb5 27. Rc1 Rb8
28. Qb3 Qa7 29. Nh7 Nd4 30. Qa3+ Rb4 31. Qg3 Rb8 32. Qg5+ Ke8 33. Nf6+ Kf8 34.
Qh6+ Ke7 35. Nxd5+ exd5 36. Qd6+ Ke8 37. Rc7 Qxc7 38. Qxc7 Rd8 39. Qxa5 Ne6 40.
g3 d4 41. Kc2 Rc8+ 42. Kd3 Rc1 43. Qa8+ Ke7 44. b4 Rg1 45. b5 Rxg3+ 46. Kd2
Nxf4 47. Qa7+ Ke6 48. Qxd4 Rg2+ 49. Ke1 Nd5 50. b6 Rg4 51. Qxg4 1-0

[Event "26th North American Open"]
[Site "Las Vegas"]
[Date "2016.12.30"]
[Round "9"]
[White "Wheeler, Cameron"]
[Black "Nguyen, Anh"]
[Result "1/2-1/2"]
[WhiteElo "2408"]
[BlackElo "2482"]
[PlyCount "23"]
[EventDate "2016.12.??"]
[EventType "swiss"]
[EventRounds "9"]
[EventCountry "USA"]
[Source "MonRoi"]

1. Nf3 d5 2. d4 Nf6 3. c4 c6 4. e3 Bf5 5. Nc3 e6 6. Nh4 Bg6 7. Be2 Nbd7 8. O-O
Bd6 9. g3 O-O 10. Nxg6 hxg6 11. Qc2 Qe7 12. Rd1 1/2-1/2

[Event "26th North American Open"]
[Site "Las Vegas"]
[Date "2016.12.30"]
[Round "9"]
[White "Gurevich, Daniel"]
[Black "Ludwig, John"]
[Result "1-0"]
[WhiteElo "2455"]
[BlackElo "2377"]
[PlyCount "137"]
[EventDate "2016.12.??"]
[EventType "swiss"]
[EventRounds "9"]
[EventCountry "USA"]
[Source "MonRoi"]

1. c4 c5 2. Nf3 g6 3. d4 Bg7 4. e4 d6 5. Nc3 Bg4 6. d5 Nf6 7. Be2 Bxf3 8. Bxf3
O-O 9. O-O Na6 10. Be3 Nd7 11. Qd2 Nc7 12. Be2 e6 13. dxe6 Nxe6 14. Rad1 Nd4
15. Nb5 Qe7 16. Nxd4 cxd4 17. Bxd4 Qxe4 18. Bxg7 Kxg7 19. b3 Ne5 20. f4 Nc6 21.
Bf3 Qf5 22. Bxc6 bxc6 23. Qxd6 Rae8 24. Qd4+ Kg8 25. Rfe1 c5 26. Qf2 Rxe1+ 27.
Rxe1 Rd8 28. h3 Rd4 29. Re5 Qf6 30. Rxc5 Rxf4 31. Qe3 Rd4 32. Qe5 Qd8 33. Kh2
Rd7 34. Rd5 h5 35. Rxd7 Qxd7 36. c5 Qb5 37. Qc7 a5 38. c6 Qc5 39. a3 Kg7 40. b4
axb4 41. axb4 Qxb4 42. Qe5+ Kh7 43. c7 Qc4 44. Qd6 Kg7 45. Kg3 Qc3+ 46. Kf4
Qc4+ 47. Ke5 Qe2+ 48. Kd4 Qd2+ 49. Kc5 Qa5+ 50. Kc6 Qa6+ 51. Kd7 Qb5+ 52. Qc6
Qf5+ 53. Kd8 Qg5+ 54. Kc8 Qf5+ 55. Kb7 Qb1+ 56. Ka7 Qa1+ 57. Kb6 Qb2+ 58. Qb5
Qf2+ 59. Qc5 Qb2+ 60. Ka7 Qa2+ 61. Kb8 Qb2+ 62. Kc8 Qxg2 63. Qd4+ Kh7 64. Kd7
Qxh3+ 65. Kd8 Qf5 66. c8=Q Qa5+ 67. Qc7 Qa8+ 68. Ke7 Qg8 69. Qf6 1-0

[Event "26th North American Open"]
[Site "Las Vegas"]
[Date "2016.12.30"]
[Round "9"]
[White "Brown, Michael"]
[Black "Kumar, Nikhil"]
[Result "1-0"]
[WhiteElo "2452"]
[BlackElo "2251"]
[PlyCount "115"]
[EventDate "2016.12.??"]
[EventType "swiss"]
[EventRounds "9"]
[EventCountry "USA"]
[Source "MonRoi"]

1. d4 d5 2. c4 e6 3. Nc3 Be7 4. Bf4 Nf6 5. e3 Nbd7 6. cxd5 exd5 7. Bd3 O-O 8.
Nf3 c5 9. dxc5 Nxc5 10. O-O Be6 11. Rc1 Qb6 12. Be5 Nfe4 13. Bd4 Qd8 14. Bb1
Nxc3 15. Rxc3 Ne4 16. Rc1 Bf6 17. Qa4 Bxd4 18. Qxd4 Nf6 19. Rc3 Qd6 20. Rfc1 a6
21. h3 Rfc8 22. Bd3 Qd8 23. Qb4 Rxc3 24. Rxc3 Rb8 25. Nd4 Ne8 26. Rb3 a5 27.
Qb6 Qxb6 28. Rxb6 Bd7 29. Bb5 Nf6 30. Bxd7 Nxd7 31. Rb5 b6 32. Rxd5 Rb7 33. f3
Kf8 34. e4 g6 35. Kf2 Rc7 36. Ke3 Ke7 37. Kd2 Rc5 38. Rxc5 Nxc5 39. Kc3 Kd6 40.
Kc4 h6 41. b3 Nd7 42. f4 Nc5 43. e5+ Kd7 44. g4 Ne4 45. f5 gxf5 46. gxf5 Nf2
47. h4 Nd1 48. e6+ fxe6 49. fxe6+ Kd6 50. Kb5 Nc3+ 51. Kxb6 Nxa2 52. Kxa5 Nc1
53. b4 Nd3 54. b5 Nc5 55. Kb6 Na4+ 56. Ka7 Kc5 57. e7 Nb6 58. e8=Q 1-0